000 00386nam a2200169Ia 4500
001 12551
003 IN-NITTTR
005 20251114233117.0
008 251113s9999||||xx |||||||||||||| ||eng||
040 _beng
040 _cIN-NITTTR
041 _aeng
082 _a779 S63P
245 0 _aPhotographing people /
_cSchofield, Jack, ed.
700 _aSchofield, Jack
942 _2ddc
_cBK
999 _c15187
_d15187